|
|
|
|
| LEADER |
01048nam a2200253 a 4500 |
| 001 |
008759141 |
| 008 |
090824s1984 enka 000 0 eng d |
| 020 |
|
|
|a 0521016770
|
| 040 |
|
|
|a Uk
|c Uk
|
| 082 |
0 |
4 |
|a 428.2402465
|2 20
|
| 245 |
1 |
4 |
|a Speaking effectively :
|b developing speaking skills for business English /
|c Jeremy Comfort ... [et al.].
|
| 260 |
|
|
|a Cambridge :
|b Cambridge University Press,
|c c1984.
|
| 300 |
|
|
|a viii,127p. :
|b ill. ;
|c 25 cm.
|
| 490 |
0 |
|
|a Cambridge professional English
|
| 504 |
|
|
|a Includes bibliographical references.
|
| 541 |
1 |
|
|e 00008598
|
| 650 |
|
0 |
|a English language
|x Business English.
|
| 650 |
|
0 |
|a Business communication.
|
| 650 |
|
0 |
|a Business presentations.
|
| 650 |
|
0 |
|a English language.
|
| 700 |
1 |
|
|a Comfort, Jeremy.
|
| 852 |
4 |
|
|a Ayesha Abed Library
|j General shelf
|
| 999 |
|
|
|c 3391
|d 3391
|
| 952 |
|
|
|0 0
|1 0
|2 ddc
|4 0
|6 428_240246500000000_COM_2002
|7 0
|9 3079
|a BRACUL
|b BRACUL
|c GEN
|d 2009-08-31
|g 0.00
|l 5
|m 48
|o 428.2402465 COM
|p 3010008598
|r 2022-04-10
|s 2020-01-16
|t 1
|w 2009-08-31
|y BK
|x No price found in the accession register.
|